00662nam a22001697a 450000500170000001000130001702000260003003500120005603700180006808200100008610000510009624501460014724600520029326000500034527000740039530000230046920220302114113.0 aUR-11452 c300.00a9789390789627 aU-10007 bDBAD/PUBadpl a808.4 dمر تبہ: محمد ا نو ر ا لد يں  aبہا ر آ خر شد (ڈ ا کٹر سيد عبا س متقی کے منتخب خا کے ) cمر تبہ: محمد ا نو ر ا لد يں  bBahar Aakhir Shud (Urdu)aby Mohd. Anweruddin  aDelhi bEducational Publishing Housec2020 ء a3191,Vakil Street,Kucha Pandit,Lal Kuan,bDelhi e110006k23216162l- a128 ص c22 Cm(Hb)